[Event "Graz op"]
[Site "Graz"]
[Date "2006.09.17"]
[Round "2"]
[White "Moser, Eva"]
[Black "Hatzl, Johannes"]
[Result "1-0"]
[WhiteElo "2395"]
[BlackElo "2113"]
[PlyCount "113"]
[EventDate "2006.09.16"]
[EventType "swiss"]
[EventRounds "9"]
[EventCountry "AUT"]
[SourceTitle "CBM 114 Extra"]
[Source "ChessBase"]
[SourceDate "2006.11.03"]
[SourceVersion "1"]
[SourceVersionDate "2006.11.03"]
[SourceQuality "1"]

1. d4 d5 2. c4 c6 3. Nf3 e6 4. e3 Bd6 5. Nc3 f5 6. Ne5 Nf6 7. Be2 Nbd7 8. f4
Ne4 9. Nxe4 dxe4 10. Bd2 Qh4+ 11. g3 Qh3 12. Bf1 Qh6 13. Qe2 g5 14. O-O-O Nf6
15. Qe1 Rg8 16. Bb4 Bxb4 17. Qxb4 Qf8 18. Qb3 Qe7 19. Be2 a5 20. Rhg1 a4 21.
Qc2 g4 22. Rh1 Bd7 23. h3 gxh3 24. Rxh3 b5 25. c5 Rg7 26. Rdh1 Nd5 27. g4 Kd8
28. g5 Kc7 29. Qd2 Be8 30. Rh6 a3 31. b3 Bg6 32. Bf1 Ra7 33. Be2 Ra8 34. Bd1
Kb7 35. b4 Kc7 36. Bb3 Rd8 37. R1h3 Ra8 38. Rh2 Rd8 39. Kb1 Ra8 40. R2h3 Rd8
41. Kc2 Kb7 42. Bxd5 exd5 43. Rh1 Ra8 44. Rb1 Qe8 45. Rb3 Qb8 46. Rh1 Kc7 47.
Qh2 Qe8 48. Kd2 Qg8 49. Rc1 Kb7 50. Rcc3 Ra4 51. Rxa3 Rxb4 52. Kc1 Qd8 53. Ra7+
Kxa7 54. Nxc6+ Kb7 55. Nxd8+ Kc8 56. Qh6 Re7 57. Nc6 1-0

[Event "AUT-ch"]
[Site "Koeflach"]
[Date "2006.09.10"]
[Round "9"]
[White "Diermair, Andreas"]
[Black "Moser, Eva"]
[Result "1/2-1/2"]
[WhiteElo "2357"]
[BlackElo "2395"]
[PlyCount "103"]
[EventDate "2006.09.02"]
[EventType "tourn"]
[EventRounds "9"]
[EventCountry "AUT"]
[EventCategory "7"]
[SourceTitle "CBM 114 Extra"]
[Source "ChessBase"]
[SourceDate "2006.11.03"]
[SourceVersion "1"]
[SourceVersionDate "2006.11.03"]
[SourceQuality "1"]

1. e4 e5 2. Nf3 d6 3. d4 exd4 4. Nxd4 Nf6 5. Nc3 Be7 6. Bf4 O-O 7. Qd2 d5 8.
Ndb5 c6 9. Nc7 d4 10. O-O-O Nh5 11. Be5 Bg5 12. f4 Nxf4 13. Bxf4 Qxc7 14. Bxg5
dxc3 15. Qxc3 Be6 16. e5 Nd7 17. Be7 Rfe8 18. Bd6 Qb6 19. Bd3 a5 20. a3 a4 21.
Rhf1 Ra5 22. Bc4 Nc5 23. Bxe6 Nxe6 24. Qf3 Nd8 25. Qf5 c5 26. e6 f6 27. e7 Nf7
28. Qd7 Qc6 29. Bc7 Raa8 30. Qxc6 bxc6 31. Rd7 Ng5 32. Rfd1 Kf7 33. Bd6 Ne4 34.
Rc7 Nxd6 35. Rxd6 Rxe7 36. Rxe7+ Kxe7 37. Rxc6 g5 38. Rxc5 Kd6 39. Rf5 Ke6 40.
Rb5 h5 41. Kd2 Rd8+ 42. Ke2 Rc8 43. c3 h4 44. Rb4 Ra8 45. Re4+ Kd5 46. Kd3 Ra6
47. c4+ Kc5 48. Rd4 Rd6 49. Rxd6 Kxd6 50. Kd4 f5 51. c5+ Kc6 52. g3 1/2-1/2

[Event "AUT-ch"]
[Site "Koeflach"]
[Date "2006.09.09"]
[Round "8"]
[White "Zsifkovits, Robert"]
[Black "Moser, Eva"]
[Result "0-1"]
[WhiteElo "2158"]
[BlackElo "2395"]
[PlyCount "100"]
[EventDate "2006.09.02"]
[EventType "tourn"]
[EventRounds "9"]
[EventCountry "AUT"]
[EventCategory "7"]
[SourceTitle "CBM 114 Extra"]
[Source "ChessBase"]
[SourceDate "2006.11.03"]
[SourceVersion "1"]
[SourceVersionDate "2006.11.03"]
[SourceQuality "1"]

1. e4 c5 2. Nf3 Nc6 3. Nc3 e5 4. Bc4 Be7 5. O-O Nf6 6. d3 O-O 7. Nd5 d6 8. h3
Be6 9. Nxf6+ Bxf6 10. Bxe6 fxe6 11. Be3 b5 12. a4 b4 13. Nd2 Rb8 14. b3 Qe7 15.
Nf3 Rbc8 16. Bd2 Rf7 17. Rc1 Rcf8 18. Qe1 h6 19. c3 bxc3 20. Bxc3 Qb7 21. Rb1
Qa6 22. Qe2 Rb8 23. Rb2 Bd8 24. Nd2 Ba5 25. Bxa5 Qxa5 26. Nc4 Qd8 27. Qg4 Nd4
28. f4 Qf8 29. Rbf2 Rxf4 30. g3 Rxg4 31. Rxf8+ Rxf8 32. Rxf8+ Kxf8 33. hxg4 Ke7
34. Nd2 Kf6 35. Nc4 Ke7 36. Nd2 d5 37. g5 hxg5 38. g4 Ne2+ 39. Kf2 Nc1 40. Ke3
Kf6 41. Nf1 Nxb3 42. Ke2 Ke7 43. Ne3 Kd6 44. Kd1 Nd4 45. Kc1 g6 46. Kb2 Nc6 47.
Kc1 Ne7 48. Kb2 Ng8 49. Nd1 Nf6 50. Nf2 c4 0-1

[Event "AUT-ch"]
[Site "Koeflach"]
[Date "2006.09.08"]
[Round "7"]
[White "Neubauer, Martin"]
[Black "Moser, Eva"]
[Result "1/2-1/2"]
[WhiteElo "2480"]
[BlackElo "2395"]
[PlyCount "111"]
[EventDate "2006.09.02"]
[EventType "tourn"]
[EventRounds "9"]
[EventCountry "AUT"]
[EventCategory "7"]
[SourceTitle "CBM 114 Extra"]
[Source "ChessBase"]
[SourceDate "2006.11.03"]
[SourceVersion "1"]
[SourceVersionDate "2006.11.03"]
[SourceQuality "1"]

1. e4 e6 2. d4 d5 3. Nc3 Bb4 4. exd5 exd5 5. Bd3 Nc6 6. a3 Bxc3+ 7. bxc3 Be6 8.
Qf3 Nge7 9. Ne2 Qd7 10. O-O O-O 11. Ng3 Bg4 12. Qf4 Ng6 13. Qd2 Nce7 14. a4
Rfe8 15. a5 Nf5 16. a6 b6 17. h3 Nxg3 18. fxg3 Be6 19. g4 Rac8 20. Rb1 Qd6 21.
Qf2 Qd8 22. Ba3 Qh4 23. Qf3 Kh8 24. Rbe1 Qd8 25. Rd1 c5 26. dxc5 bxc5 27. Bb5
Rg8 28. c4 d4 29. c3 Qb6 30. Rfe1 Rgd8 31. Kh1 Qa5 32. Bb2 Qa2 33. Qe2 d3 34.
Qf2 Bxc4 35. Ra1 Qb3 36. Ba4 Qb6 37. Bc1 Qxa6 38. Bd2 Qd6 39. h4 Qf6 40. Qxf6
gxf6 41. h5 Ne5 42. g5 Ng4 43. Kg1 fxg5 44. Bd1 Nf6 45. Bxg5 Rd6 46. Rxa7 d2
47. Re3 h6 48. Bh4 Rb8 49. Kh2 Rg8 50. Bxf6+ Rxf6 51. Rd7 Rf2 52. Rg3 Rb8 53.
Rd6 Be6 54. Kg1 Rf5 55. Rxd2 Rd5 56. Rxd5 1/2-1/2

[Event "AUT-ch"]
[Site "Koeflach"]
[Date "2006.09.07"]
[Round "6"]
[White "Moser, Eva"]
[Black "Ragger, Markus"]
[Result "1/2-1/2"]
[WhiteElo "2395"]
[BlackElo "2456"]
[PlyCount "22"]
[EventDate "2006.09.02"]
[EventType "tourn"]
[EventRounds "9"]
[EventCountry "AUT"]
[EventCategory "7"]
[SourceTitle "CBM 114 Extra"]
[Source "ChessBase"]
[SourceDate "2006.11.03"]
[SourceVersion "1"]
[SourceVersionDate "2006.11.03"]
[SourceQuality "1"]

1. e4 e5 2. Nf3 Nc6 3. c3 d5 4. Qa4 Qd6 5. d4 Bd7 6. Bb5 a6 7. Nxe5 Nxe5 8.
dxe5 Bxb5 9. Qxb5+ axb5 10. exd6 Bxd6 11. exd5 Ne7 1/2-1/2

[Event "AUT-ch"]
[Site "Koeflach"]
[Date "2006.09.06"]
[Round "5"]
[White "Moser, Eva"]
[Black "Freitag, Manfred"]
[Result "1-0"]
[WhiteElo "2395"]
[BlackElo "2413"]
[PlyCount "108"]
[EventDate "2006.09.02"]
[EventType "tourn"]
[EventRounds "9"]
[EventCountry "AUT"]
[EventCategory "7"]
[SourceTitle "CBM 114 Extra"]
[Source "ChessBase"]
[SourceDate "2006.11.03"]
[SourceVersion "1"]
[SourceVersionDate "2006.11.03"]
[SourceQuality "1"]

1. d4 Nf6 2. Nf3 e6 3. c4 d5 4. Nc3 dxc4 5. e3 a6 6. a4 c5 7. Bxc4 cxd4 8. exd4
Nc6 9. O-O Be7 10. Be3 O-O 11. Qe2 Nb4 12. Ne5 Nbd5 13. Qf3 Qd6 14. Bd3 b6 15.
Qh3 Bb7 16. Bg5 Rfe8 17. Nc4 Qd8 18. a5 b5 19. Nxd5 Bxd5 20. Nb6 Rb8 21. Bxf6
Bxf6 22. Qxh7+ Kf8 23. Rac1 Rxb6 24. axb6 Qxb6 25. Rc5 Ke7 26. Rfc1 Rd8 27.
Rc7+ Rd7 28. Rxd7+ Kxd7 29. Qg8 Ke7 30. Qc8 Bxd4 31. Qc2 f5 32. b4 Kf6 33. Kf1
Qd6 34. Qd2 Qxh2 35. Be4 Bxe4 36. Qxd4+ Kg6 37. f3 Qh1+ 38. Qg1 Bd3+ 39. Kf2
Qh4+ 40. Ke3 Bc4 41. g3 Qe7 42. g4 Kf7 43. gxf5 exf5+ 44. Kf4 Qd6+ 45. Kxf5 g6+
46. Ke4 Bd5+ 47. Ke3 Qe5+ 48. Kf2 Qf4 49. Qd1 Ke6 50. Rc5 Qh4+ 51. Ke3 Qg5+ 52.
Kf2 Kd6 53. Qd4 Qh5 54. Qf4+ Ke6 1-0

[Event "AUT-ch"]
[Site "Koeflach"]
[Date "2006.09.05"]
[Round "4"]
[White "Moser, Eva"]
[Black "Sommerbauer, Norbert"]
[Result "1/2-1/2"]
[WhiteElo "2395"]
[BlackElo "2468"]
[PlyCount "35"]
[EventDate "2006.09.02"]
[EventType "tourn"]
[EventRounds "9"]
[EventCountry "AUT"]
[EventCategory "7"]
[SourceTitle "CBM 114 Extra"]
[Source "ChessBase"]
[SourceDate "2006.11.03"]
[SourceVersion "1"]
[SourceVersionDate "2006.11.03"]
[SourceQuality "1"]

1. e4 c5 2. Nf3 Nc6 3. c3 d5 4. exd5 Qxd5 5. d4 Nf6 6. Be3 Bg4 7. Be2 cxd4 8.
cxd4 e6 9. Nc3 Qd6 10. O-O Be7 11. h3 Bh5 12. Qb3 O-O 13. Rfd1 Rfd8 14. a3 a6
15. Qb6 Nd7 16. Qb3 Nf6 17. Qb6 Nd7 18. Qb3 1/2-1/2

[Event "AUT-ch"]
[Site "Koeflach"]
[Date "2006.09.04"]
[Round "3"]
[White "Stanec, Nikolaus"]
[Black "Moser, Eva"]
[Result "1/2-1/2"]
[WhiteElo "2517"]
[BlackElo "2395"]
[PlyCount "79"]
[EventDate "2006.09.02"]
[EventType "tourn"]
[EventRounds "9"]
[EventCountry "AUT"]
[EventCategory "7"]
[SourceTitle "CBM 114 Extra"]
[Source "ChessBase"]
[SourceDate "2006.11.03"]
[SourceVersion "1"]
[SourceVersionDate "2006.11.03"]
[SourceQuality "1"]

1. c4 Nf6 2. Nc3 d5 3. cxd5 Nxd5 4. Nf3 g6 5. Qa4+ Bd7 6. Qb3 Nb6 7. d4 Bg7 8.
Bf4 O-O 9. e3 Be6 10. Qc2 Nc6 11. Be2 Bf5 12. Qd1 e5 13. dxe5 Qe7 14. O-O Rad8
15. Qb3 Nxe5 16. Nd4 Bc8 17. Rfd1 c5 18. Nf3 Be6 19. Qc2 Nxf3+ 20. Bxf3 Nc4 21.
Rac1 b6 22. b3 Ne5 23. Bd5 Bxd5 24. Nxd5 Qe6 25. e4 Nc6 26. Re1 Rd7 27. h3 f5
28. Bg3 Nd4 29. Qb1 fxe4 30. Nf4 Qf7 31. Qxe4 Bh6 32. Nd3 Bxc1 33. Ne5 Qd5 34.
Nxd7 Qxd7 35. Rxc1 Re8 36. Be5 Qc6 37. Qxd4 cxd4 38. Rxc6 Rxe5 39. Rc2 d3 40.
Rd2 1/2-1/2

[Event "AUT-ch"]
[Site "Koeflach"]
[Date "2006.09.03"]
[Round "2"]
[White "Moser, Eva"]
[Black "Pilaj, Herwig"]
[Result "1-0"]
[WhiteElo "2395"]
[BlackElo "2380"]
[PlyCount "75"]
[EventDate "2006.09.02"]
[EventType "tourn"]
[EventRounds "9"]
[EventCountry "AUT"]
[EventCategory "7"]
[SourceTitle "CBM 114 Extra"]
[Source "ChessBase"]
[SourceDate "2006.11.03"]
[SourceVersion "1"]
[SourceVersionDate "2006.11.03"]
[SourceQuality "1"]

1. e4 c5 2. c3 e6 3. d4 d5 4. exd5 exd5 5. Nf3 Nc6 6. Bb5 Bd6 7. dxc5 Bxc5 8.
O-O Nge7 9. Nbd2 Bg4 10. Qa4 Bh5 11. Bd3 Qd7 12. Qh4 Qg4 13. Qxg4 Bxg4 14. h3
Bh5 15. Nb3 Bb6 16. g4 Bg6 17. Bxg6 hxg6 18. Kg2 f6 19. h4 Rd8 20. Bf4 Kf7 21.
Rad1 Rhe8 22. Rfe1 Nc8 23. Rxe8 Kxe8 24. a4 Kf7 25. Bg3 N8e7 26. Ra1 a6 27. Rd1
Ng8 28. Bf4 Nge7 29. Rd3 Nc8 30. Rd2 Nd6 31. Rxd5 Nc4 32. Rxd8 Nxd8 33. Bc1 Ke6
34. Nbd4+ Kd5 35. b3 Ne5 36. Nxe5 fxe5 37. Nc2 Ke4 38. Nb4 1-0

[Event "AUT-ch"]
[Site "Koeflach"]
[Date "2006.09.02"]
[Round "1"]
[White "Moser, Eva"]
[Black "Kuba, Guenter"]
[Result "1/2-1/2"]
[WhiteElo "2395"]
[BlackElo "2391"]
[PlyCount "53"]
[EventDate "2006.09.02"]
[EventType "tourn"]
[EventRounds "9"]
[EventCountry "AUT"]
[EventCategory "7"]
[SourceTitle "CBM 114 Extra"]
[Source "ChessBase"]
[SourceDate "2006.11.03"]
[SourceVersion "1"]
[SourceVersionDate "2006.11.03"]
[SourceQuality "1"]

1. d4 Nf6 2. Nf3 e6 3. g3 d5 4. Bg2 c5 5. O-O Nc6 6. b3 Bd6 7. Bb2 cxd4 8. Nxd4
O-O 9. Nxc6 bxc6 10. Nd2 Ba6 11. c4 Qe7 12. Qc1 Rfd8 13. a3 Rac8 14. Re1 e5 15.
e4 dxc4 16. Nxc4 Bxc4 17. Qxc4 Bc5 18. Bh3 Rd2 19. Re2 Rcd8 20. b4 Rxe2 21.
Qxe2 Bd4 22. Rd1 Bxb2 23. Rxd8+ Qxd8 24. Qxb2 Qd6 25. Bg2 h5 26. Bf3 g6 27. h4
1/2-1/2

[Event "Oberwart op"]
[Site "Oberwart"]
[Date "2006.07.16"]
[Round "9"]
[White "Moser, Eva"]
[Black "Stelzer, Harald"]
[Result "1-0"]
[WhiteElo "2395"]
[BlackElo "2251"]
[PlyCount "85"]
[EventDate "2006.07.08"]
[EventType "swiss"]
[EventRounds "9"]
[EventCountry "AUT"]
[SourceTitle "CBM 113 Extra"]
[Source "ChessBase"]
[SourceDate "2006.09.14"]
[SourceVersion "1"]
[SourceVersionDate "2006.09.14"]
[SourceQuality "1"]

1. e4 d5 2. exd5 Qxd5 3. Nc3 Qa5 4. d4 c6 5. Bc4 Bf5 6. Qf3 e6 7. Bd2 Nf6 8. d5
Bb4 9. dxe6 Qe5+ 10. Qe2 Qxe2+ 11. Ngxe2 Bxe6 12. Bxe6 fxe6 13. O-O-O Nbd7 14.
Ng3 Nc5 15. a3 Bxc3 16. Bxc3 Ncd7 17. Rhe1 Kf7 18. Ne4 Rab8 19. Ng5+ Kg6 20.
Nxe6 Rhe8 21. f4 h6 22. f5+ Kf7 23. Rd3 Nf8 24. Rg3 Nh5 25. Rge3 Nd7 26. Bd4 b6
27. Nxg7 Nxg7 28. Bxg7 Rxe3 29. Rxe3 Rg8 30. Bxh6 Rxg2 31. h4 Kf6 32. Rf3 Ke5
33. Bg5 Ke4 34. Rf4+ Ke5 35. Rf1 Nf6 36. b3 b5 37. Kb2 a5 38. Bf4+ Ke4 39. Bg5
Ke5 40. Rf3 Rg4 41. Rc3 a4 42. Rxc6 Nh5 43. Rb6 1-0

[Event "EU-ch (Women) 7th"]
[Site "Kusadasi"]
[Date "2006.04.15"]
[Round "11"]
[White "Moser, Eva"]
[Black "Zdebskaja, Natalia"]
[Result "1-0"]
[WhiteElo "2374"]
[BlackElo "2326"]
[PlyCount "105"]
[EventDate "2006.04.04"]
[EventType "swiss"]
[EventRounds "11"]
[EventCountry "TUR"]
[SourceTitle "CBM 111 Extra"]
[Source "ChessBase"]
[SourceDate "2006.05.09"]
[SourceVersion "1"]
[SourceVersionDate "2006.05.09"]
[SourceQuality "1"]

1. e4 c5 2. c3 d5 3. exd5 Qxd5 4. d4 Nf6 5. Nf3 Bg4 6. Be2 e6 7. O-O Nc6 8. Be3
cxd4 9. cxd4 Be7 10. Nc3 Qd6 11. h3 Bh5 12. Qb3 Qb4 13. Qxb4 Bxb4 14. a3 Bd6
15. Rfd1 Rd8 16. Rac1 O-O 17. g4 Bg6 18. Bc4 Bb8 19. Bg5 Ne7 20. Ne5 h6 21. Bh4
Bh7 22. f4 Rc8 23. Bb3 Ned5 24. Nxd5 Nxd5 25. Bxd5 exd5 26. f5 Rfe8 27. Re1 a6
28. Nd7 Rxc1 29. Rxc1 Bf4 30. Rc5 h5 31. Nb6 g5 32. Nxd5 Kg7 33. Nxf4 gxf4 34.
f6+ Kg8 35. Rg5+ Kh8 36. Rxh5 Re2 37. b4 Re3 38. Bg5 Re4 39. d5 Kg8 40. Bh6 Bg6
41. Rg5 Rd4 42. Re5 Kh7 43. Bg7 Re4 44. Rxe4 Bxe4 45. d6 Bc6 46. Kf2 Kg6 47. h4
b6 48. Ke2 Kh7 49. h5 a5 50. Kf2 axb4 51. axb4 b5 52. g5 Kg8 53. g6 1-0

[Event "EU-ch (Women) 7th"]
[Site "Kusadasi"]
[Date "2006.04.14"]
[Round "10"]
[White "Majdan, Joanna"]
[Black "Moser, Eva"]
[Result "0-1"]
[WhiteElo "2256"]
[BlackElo "2374"]
[PlyCount "102"]
[EventDate "2006.04.04"]
[EventType "swiss"]
[EventRounds "11"]
[EventCountry "TUR"]
[SourceTitle "CBM 111 Extra"]
[Source "ChessBase"]
[SourceDate "2006.05.09"]
[SourceVersion "1"]
[SourceVersionDate "2006.05.09"]
[SourceQuality "1"]

1. e4 c5 2. Nc3 Nc6 3. Bb5 Nd4 4. Bc4 g6 5. Nf3 Bg7 6. Nxd4 cxd4 7. Qf3 Nh6 8.
Ne2 O-O 9. d3 Ng4 10. Bb3 d6 11. Qg3 Qb6 12. h4 h5 13. Bg5 e6 14. f3 Ne3 15.
Bxe3 dxe3 16. d4 a5 17. O-O a4 18. Bc4 Bxd4 19. f4 d5 20. Rad1 Bg7 21. exd5
exd5 22. Rxd5 Qc6 23. b3 Be6 24. Rg5 Bxc4 25. bxc4 Qxc4 26. f5 Qxe2 27. f6 Rfd8
28. fxg7 Rd1 29. Rxd1 Qxd1+ 30. Kh2 e2 31. Re5 Kxg7 32. Re7 e1=Q 33. Rxe1 Qxc2
34. Re7 Qc6 35. Rc7 Qd5 36. Qc3+ Kg8 37. Rc5 Qd6+ 38. Kg1 Rd8 39. Rc8 Qd7 40.
Rc4 Qd1+ 41. Kh2 b5 42. Re4 Qd6+ 43. Kg1 Qd5 44. Qb4 Qd1+ 45. Kh2 Qd6+ 46. Qxd6
Rxd6 47. Kg3 Rd3+ 48. Kf4 Rd2 49. Kg5 Rxg2+ 50. Kh6 Kf8 51. Rb4 Rxa2 0-1

[Event "EU-ch (Women) 7th"]
[Site "Kusadasi"]
[Date "2006.04.13"]
[Round "9"]
[White "Moser, Eva"]
[Black "Topel, Zehra"]
[Result "1-0"]
[WhiteElo "2374"]
[BlackElo "2103"]
[PlyCount "118"]
[EventDate "2006.04.04"]
[EventType "swiss"]
[EventRounds "11"]
[EventCountry "TUR"]
[SourceTitle "CBM 111 Extra"]
[Source "ChessBase"]
[SourceDate "2006.05.09"]
[SourceVersion "1"]
[SourceVersionDate "2006.05.09"]
[SourceQuality "1"]

1. d4 Nf6 2. g3 g6 3. Bg2 Bg7 4. e4 d6 5. Ne2 O-O 6. O-O e5 7. h3 Nc6 8. c3 Re8
9. d5 Ne7 10. c4 c5 11. Nbc3 Nh5 12. g4 Nf4 13. Nxf4 exf4 14. Bxf4 a6 15. Re1
f6 16. Be3 g5 17. e5 fxe5 18. Bxg5 Qd7 19. Qa4 Qxa4 20. Nxa4 h6 21. Nb6 Rb8 22.
Bd2 Rf8 23. Be4 Rf6 24. Rab1 Ng6 25. Bxg6 Rxg6 26. Kh2 h5 27. f3 Rf6 28. Kg2
Rf7 29. b4 cxb4 30. Bxb4 Bf8 31. Rbc1 Bd7 32. c5 Bh6 33. Rc2 dxc5 34. Bxc5 Re8
35. Rce2 Bf4 36. a4 h4 37. Bf2 Rh7 38. Rc2 Rf8 39. Re4 Be8 40. Rc8 Bg6 41. Rec4
Rhf7 42. Rxf8+ Kxf8 43. d6 e4 44. d7 exf3+ 45. Kg1 Bg5 46. Rc8+ Kg7 47. d8=Q
Bxd8 48. Rxd8 Rf4 49. Bxh4 Rb4 50. Bf2 Be4 51. Kh2 Bc6 52. Kg3 Kf6 53. Nd5+
Bxd5 54. Rxd5 Rxa4 55. Rd6+ Ke5 56. Rb6 Ra2 57. Rxb7 a5 58. h4 a4 59. h5 Kd5
1-0

[Event "EU-ch (Women) 7th"]
[Site "Kusadasi"]
[Date "2006.04.12"]
[Round "8"]
[White "Bensdorp, Marlies"]
[Black "Moser, Eva"]
[Result "1/2-1/2"]
[WhiteElo "2230"]
[BlackElo "2374"]
[PlyCount "83"]
[EventDate "2006.04.04"]
[EventType "swiss"]
[EventRounds "11"]
[EventCountry "TUR"]
[SourceTitle "CBM 111 Extra"]
[Source "ChessBase"]
[SourceDate "2006.05.09"]
[SourceVersion "1"]
[SourceVersionDate "2006.05.09"]
[SourceQuality "1"]

1. d4 f5 2. g3 Nf6 3. Bg2 e6 4. c4 c6 5. Nf3 d5 6. O-O Bd6 7. b3 Qe7 8. Bb2 a5
9. Qc1 Na6 10. Nbd2 O-O 11. Ne5 Bd7 12. Ndf3 Be8 13. a3 Bh5 14. Qc2 Ne4 15. c5
Bc7 16. Nd3 Nb8 17. Nfe5 Nd7 18. Nxd7 Qxd7 19. Bc1 Bd8 20. Bf4 Be7 21. f3 Nf6
22. b4 Ne8 23. Qb2 g5 24. Be5 a4 25. e3 Nc7 26. Rf2 Nb5 27. Bf1 Ra6 28. Be2
Rfa8 29. Raf1 Bg6 30. f4 g4 31. h3 h5 32. hxg4 fxg4 33. Rh2 Rf8 34. Ne1 Qe8 35.
Kf2 Be4 36. Ng2 Qg6 37. Rfh1 Rf5 38. Rd1 Ra8 39. Nh4 Bxh4 40. Rxh4 Raf8 41. Rc1
Re8 42. Rd1 1/2-1/2

[Event "EU-ch (Women) 7th"]
[Site "Kusadasi"]
[Date "2006.04.10"]
[Round "7"]
[White "Moser, Eva"]
[Black "Lematschko, Tatjana"]
[Result "1-0"]
[WhiteElo "2374"]
[BlackElo "2180"]
[PlyCount "91"]
[EventDate "2006.04.04"]
[EventType "swiss"]
[EventRounds "11"]
[EventCountry "TUR"]
[SourceTitle "CBM 111 Extra"]
[Source "ChessBase"]
[SourceDate "2006.05.09"]
[SourceVersion "1"]
[SourceVersionDate "2006.05.09"]
[SourceQuality "1"]

1. e4 c5 2. c3 Nf6 3. e5 Nd5 4. d4 cxd4 5. Nf3 e6 6. cxd4 b6 7. Nc3 Bb7 8. Bd3
Nb4 9. Bb1 N8a6 10. O-O Nc7 11. Ng5 d5 12. Nxh7 Be7 13. Qg4 Rxh7 14. Bxh7 g6
15. a3 Nc6 16. Qf4 Ba6 17. Rd1 Bc4 18. Be3 Bb3 19. Rdc1 Na5 20. Bg8 Bc4 21.
Bxf7+ Kd7 22. Bxg6 Nb3 23. Rab1 Qf8 24. Qf7 Qxf7 25. Bxf7 Bd3 26. Rd1 Bc2 27.
g3 Rh8 28. g4 Rh7 29. Bh5 b5 30. Rbc1 Nxc1 31. Rxc1 Bd3 32. Rd1 Bc4 33. Kg2 a5
34. h3 Bh4 35. f4 Ke7 36. Bg6 Rg7 37. Bd3 Bb3 38. Rc1 Bc4 39. Bc2 Ke8 40. b3 b4
41. bxc4 bxc3 42. c5 Kd8 43. Bd3 Kd7 44. Rxc3 Kc6 45. Rb3 Bd8 46. g5 1-0

[Event "EU-ch (Women) 7th"]
[Site "Kusadasi"]
[Date "2006.04.07"]
[Round "4"]
[White "Schuurman, Petra"]
[Black "Moser, Eva"]
[Result "1/2-1/2"]
[WhiteElo "2234"]
[BlackElo "2374"]
[PlyCount "43"]
[EventDate "2006.04.04"]
[EventType "swiss"]
[EventRounds "11"]
[EventCountry "TUR"]
[SourceTitle "CBM 111 Extra"]
[Source "ChessBase"]
[SourceDate "2006.05.09"]
[SourceVersion "1"]
[SourceVersionDate "2006.05.09"]
[SourceQuality "1"]

1. Nf3 Nf6 2. c4 g6 3. Nc3 Bg7 4. e4 O-O 5. d4 c6 6. Bd3 d6 7. O-O Bg4 8. Be3
Nfd7 9. Be2 Na6 10. h3 Bxf3 11. Bxf3 Nc7 12. Qd2 c5 13. d5 Rb8 14. Be2 a6 15.
a4 Ne8 16. Kh1 e5 17. dxe6 fxe6 18. Bg5 Bf6 19. Bh6 Bg7 20. Bg5 Bf6 21. Bh6 Bg7
22. Bg5 1/2-1/2

[Event "EU-ch (Women) 7th"]
[Site "Kusadasi"]
[Date "2006.04.06"]
[Round "3"]
[White "Moser, Eva"]
[Black "Smokina, Karolina"]
[Result "1/2-1/2"]
[WhiteElo "2374"]
[BlackElo "2283"]
[PlyCount "85"]
[EventDate "2006.04.04"]
[EventType "swiss"]
[EventRounds "11"]
[EventCountry "TUR"]
[SourceTitle "CBM 111 Extra"]
[Source "ChessBase"]
[SourceDate "2006.05.09"]
[SourceVersion "1"]
[SourceVersionDate "2006.05.09"]
[SourceQuality "1"]

1. d4 d5 2. c4 c6 3. Nf3 Nf6 4. Nc3 a6 5. c5 Bf5 6. Bf4 Nbd7 7. e3 e6 8. Be2
Ne4 9. Nxe4 Bxe4 10. O-O b5 11. Nd2 Bg6 12. b4 Be7 13. Nb3 f6 14. a4 e5 15. Bg3
O-O 16. Qd2 Rc8 17. axb5 axb5 18. Ra6 Qe8 19. Rfa1 Bd8 20. Qb2 Rf7 21. R1a2
exd4 22. exd4 Bh5 23. Bf1 Bd1 24. Ra1 Bxb3 25. Qxb3 f5 26. f3 Bg5 27. Bf2 Re7
28. R6a3 Nf6 29. Qd3 g6 30. Ra7 Rxa7 31. Rxa7 Ra8 32. Rxa8 Qxa8 33. Qc2 Qe8 34.
Bd3 h5 35. h4 Bf4 36. g3 Bh6 37. Qe2 Kh7 38. Qd1 Kg7 39. Bc2 Qa8 40. Qe2 Qe8
41. Kf1 Qxe2+ 42. Kxe2 Kf7 43. Bd3 1/2-1/2

[Event "EU-ch (Women) 7th"]
[Site "Kusadasi"]
[Date "2006.04.05"]
[Round "2"]
[White "Khotenashvili, Bela"]
[Black "Moser, Eva"]
[Result "1/2-1/2"]
[WhiteElo "2316"]
[BlackElo "2374"]
[PlyCount "150"]
[EventDate "2006.04.04"]
[EventType "swiss"]
[EventRounds "11"]
[EventCountry "TUR"]
[SourceTitle "CBM 111 Extra"]
[Source "ChessBase"]
[SourceDate "2006.05.09"]
[SourceVersion "1"]
[SourceVersionDate "2006.05.09"]
[SourceQuality "1"]

1. Nf3 e6 2. c4 f5 3. Nc3 Nf6 4. g3 d5 5. cxd5 exd5 6. Bg2 c6 7. d3 Bc5 8. O-O
O-O 9. Qc2 Na6 10. a3 Kh8 11. b4 Bd6 12. Bg5 h6 13. Bd2 Qe8 14. Rae1 Qh5 15. e3
Nc7 16. Ne2 a5 17. bxa5 Bxa3 18. Nf4 Qe8 19. Ne5 Kg8 20. Nfg6 Ng4 21. f4 Nxe5
22. Nxe5 Nb5 23. Qb3 Be6 24. d4 Qd8 25. Ra1 Bd6 26. Bb4 Re8 27. Rfe1 Bc7 28. a6
Qb8 29. Bc5 Bxe5 30. fxe5 Rxa6 31. Rxa6 bxa6 32. Qc2 Qb7 33. Bh3 Qd7 34. Rf1
Nc7 35. Bxf5 Bxf5 36. Rxf5 Ne6 37. Rf1 Nxc5 38. Qxc5 Qb7 39. Qc2 Rf8 40. Rc1
Qf7 41. Qe2 Qb7 42. Ra1 a5 43. Qc2 Qa6 44. e4 Qb6 45. Rd1 a4 46. exd5 cxd5 47.
Qxa4 Qb2 48. Rf1 Rxf1+ 49. Kxf1 Qxh2 50. Qa8+ Kh7 51. Qxd5 Qxg3 52. e6 Qd3+ 53.
Ke1 Qe3+ 54. Kd1 Qd3+ 55. Kc1 Qc3+ 56. Kb1 Qb4+ 57. Kc2 Qa4+ 58. Kd3 Qd1+ 59.
Kc4 Qa4+ 60. Kc3 Qa3+ 61. Qb3 Qa1+ 62. Kc4 Qa6+ 63. Kc5 Qc8+ 64. Kd5 Qd8+ 65.
Kc4 Qc7+ 66. Kd3 Qg3+ 67. Kc4 Qc7+ 68. Kb4 Qd6+ 69. Kc3 Qg3+ 70. Kc4 Qc7+ 71.
Kd5 Qd8+ 72. Ke5 Qf6+ 73. Ke4 Qh4+ 74. Ke5 Qf6+ 75. Kd5 Qd8+ 1/2-1/2

[Event "EU-ch (Women) 7th"]
[Site "Kusadasi"]
[Date "2006.04.04"]
[Round "1"]
[White "Moser, Eva"]
[Black "Makka, Ioulia"]
[Result "1/2-1/2"]
[WhiteElo "2374"]
[BlackElo "2198"]
[PlyCount "95"]
[EventDate "2006.04.04"]
[EventType "swiss"]
[EventRounds "11"]
[EventCountry "TUR"]
[SourceTitle "CBM 111 Extra"]
[Source "ChessBase"]
[SourceDate "2006.05.09"]
[SourceVersion "1"]
[SourceVersionDate "2006.05.09"]
[SourceQuality "1"]

1. f4 d5 2. Nf3 g6 3. g3 Bg7 4. Bg2 Nf6 5. O-O O-O 6. d3 c5 7. Nc3 d4 8. Ne4
Nbd7 9. h3 Qc7 10. g4 Nd5 11. Nh4 Rb8 12. Bd2 b5 13. c3 c4 14. Rc1 Qb6 15. Kh1
cxd3 16. exd3 dxc3 17. Nxc3 Nb4 18. Qe2 Qd4 19. Nf3 Qxd3 20. Qxe7 Nc6 21. Qe3
Qxe3 22. Bxe3 Re8 23. Bf2 b4 24. Na4 Bb7 25. Rfd1 Nf6 26. Nc5 Ba8 27. Na6 Ne4
28. Be1 Rbc8 29. Nd2 Nxd2 30. Rxd2 Nd4 31. Rxc8 Rxc8 32. Bxa8 Rc1 33. Kg2 Rxe1
34. Nxb4 Re8 35. Bd5 Rb8 36. Nd3 Rd8 37. Bc4 Nc6 38. Re2 Kf8 39. Nc5 Bd4 40.
Ne4 Rb8 41. Ng5 Bxb2 42. Nxf7 Nd4 43. Re4 Bc3 44. Nd6 Rd8 45. Re3 Rxd6 46. Rxc3
Rc6 47. Kf2 Nb5 48. Rb3 1/2-1/2